000 00653nam a22001937a 4500
005 20251108173138.0
008 250721s2004 xx 000 0 ara d
082 1 4 _a415/ سلط
100 1 _aسلطاني، محمد علي
245 1 0 _aالتطبيق اللغوي الصرفي و النحوي و البلاغي و معاني الأدوات للسنوات الخمس /
264 1 _aدمشق :
_bدار العصماء للنشر،
_c2004.
300 _a141ص.
650 1 7 _aاللغة العربية
650 1 7 _aقواعد اللغة
650 1 7 _aعلم الصرف
650 1 7 _aعلم البلاغة
942 _2ddc
_cBK
999 _c97094
_d97094